00348 2200145 4500001002100000005001500021035002000036245005200056100002100108300001200129260001500141082000800156084001400164990002400178INLIS00000000000213220250527112320 a0010-05250004241 aHarus Bisa Seni Ala SBY /cDr. Din Patti Djalal0 aDin Patti Djalal a434 HLM bREW,c2007 a900 a900 DIN h a0713132 s/d 0713134